[Event "20. Dolomitenbank Open-A 2019"]
[Site "Lienz"]
[Date "2019.02.09"]
[Round "1.1"]
[White "Mohite, Ranveer"]
[Black "Solodovnichenko, Yuri"]
[Result "0-1"]
[WhiteElo "2238"]
[BlackElo "2574"]
[Annotator "ChessBase"]
[PlyCount "112"]
[EventDate "2019.02.09"]
[EventType "swiss"]
[EventCountry "AUT"]
[SourceTitle "playchess.com"]
[Source "ChessBase"]
[SourceQuality "1"]
[TimeControl "40/5400+30:1800+30"]

1. e4 {[%emt 0:00:00]} c5 {[%emt 0:00:00]} 2. Nf3 {[%emt 0:00:16]} e6 {[%emt 0:00:02]} 3. d4 {[%emt 0:00:16]} cxd4 {[%emt 0:00:05]} 4. Nxd4 {[%emt 0:00:13]} Nc6 {[%emt 0:00:05]} 5. Nc3 {[%emt 0:00:45]} d6 {[%emt 0:00:07]} 6. Be3 {[%emt 0:03:36]} Nf6 {[%emt 0:01:31]} 7. Qd2 {[%emt 0:02:37]} Be7 {[%emt 0:00:25]} 8. f3 {[%emt 0:01:11]} O-O {[%emt 0:00:08]} 9. O-O-O {[%emt 0:00:36]} a6 {[%emt 0:00:31]} 10. Kb1 {[%emt 0:01:16]} Nxd4 {[%emt 0:07:08]} 11. Bxd4 {[%emt 0:00:48]} Nd7 {[%emt 0:02:08]} 12. Qf2 {[%emt 0:08:54]} b5 {[%emt 0:02:41]} 13. f4 {[%emt 0:03:27]} b4 {[%emt 0:08:21]} 14. Na4 {[%emt 0:03:34]} Bb7 {[%emt 0:04:11]} 15. Bd3 {[%emt 0:16:31]} e5 {[%emt 0:16:26]} 16. fxe5 {[%emt 0:03:41]} dxe5 {[%emt 0:00:09]} 17. Be3 {[%emt 0:01:18]} Qc8 {[%emt 0:02:36]} 18. Rhe1 {[%emt 0:17:51]} Qc6 {[%emt 0:03:10]} 19. Nb6 {[%emt 0:01:08]} Nxb6 {[%emt 0:00:06]} 20. Bxb6 {[%emt 0:00:04]} a5 {[%emt 0:00:44]} 21. b3 {[%emt 0:04:50]} Ba6 {[%emt 0:02:31]} 22. Be3 {[%emt 0:03:41]} a4 {[%emt 0:01:18]} 23. Bxa6 {[%emt 0:05:46]} Rxa6 {[%emt 0:00:33]} 24. Rd5 {[%emt 0:00:11]} Rfa8 {[%emt 0:01:15]} 25. Re2 {[%emt 0:01:27]} f5 {[%emt 0:07:17]} 26. Qf3 {[%emt 0:05:31]} f4 {[%emt 0:09:56]} 27. Bc1 {[%emt 0:01:43]} Bc5 {[%emt 0:05:26]} 28. Rxe5 {[%emt 0:07:03]} Bd4 {[%emt 0:05:11]} 29. Rd5 {[%emt 0:00:07]} Bc3 {[%emt 0:01:08]} 30. Qd3 {[%emt 0:01:02]} axb3 {[%emt 0:03:54]} 31. cxb3 {[%emt 0:01:07]} Qc7 {[%emt 0:03:40]} 32. e5 {[%emt 0:01:30]} Re6 {[%emt 0:00:51]} 33. Rd7 {[%emt 0:00:24]} Qc5 {[%emt 0:01:37]} 34. Qf5 {[%emt 0:02:17]} Re7 {[%emt 0:00:50]} 35. Rxe7 {[%emt 0:00:30]} Qxe7 {[%emt 0:00:02]} 36. Qxf4 {[%emt 0:00:14]} Kh8 {[%emt 0:01:11]} 37. Qc4 {[%emt 0:01:20]} Qe8 {[%emt 0:00:28]} 38. e6 {[%emt 0:00:58]} h6 {[%emt 0:02:20]} 39. e7 {[%emt 0:00:47]} Ra7 {[%emt 0:00:32]} 40. Bb2 {[%emt 0:00:47]} Bxb2 {[%emt 0:01:10]} 41. Qc5 {[%emt 0:03:51]} Bd4 {[%emt 0:04:36]} 42. Qxd4 {[%emt 0:00:52]} Rxe7 {[%emt 0:00:07]} 43. Rd2 {[%emt 0:03:11]} Qg6+ {[%emt 0:04:06]} 44. Qd3 {[%emt 0:02:39]} Re1+ {[%emt 0:00:31]} 45. Kc2 {[%emt 0:00:07]} Qc6+ {[%emt 0:00:28]} 46. Qc4 {[%emt 0:00:02]} Qg6+ {[%emt 0:00:21]} 47. Qd3 {[%emt 0:00:02]} Qc6+ {[%emt 0:00:09]} 48. Qc4 {[%emt 0:00:07]} Qa8 {[%emt 0:03:34]} 49. Qxb4 {[%emt 0:01:33]} Qxa2+ {[%emt 0:00:10]} 50. Kd3 {[%emt 0:01:13]} Qb1+ {[%emt 0:04:11]} 51. Rc2 {[%emt 0:03:02]} Rd1+ {[%emt 0:00:50]} 52. Kc3 {[%emt 0:00:06]} Qa1+ {[%emt 0:00:06]} 53. Rb2 {[%emt 0:00:05]} Rc1+ {[%emt 0:00:34]} 54. Kd3 {[%emt 0:00:06]} Qxb2 {[%emt 0:00:19]} 55. Qf8+ {[%emt 0:00:06]} Kh7 {[%emt 0:00:02]} 56. Qf5+ {[%emt 0:00:07]} g6 {[%emt 0:00:10] Kd4} 0-1

[Event "20. Dolomitenbank Open-A 2019"]
[Site "Lienz"]
[Date "2019.02.09"]
[Round "1.2"]
[White "Istratescu, Andrei"]
[Black "Mohota, Nisha"]
[Result "1-0"]
[WhiteElo "2555"]
[BlackElo "2233"]
[Annotator "ChessBase"]
[PlyCount "119"]
[EventDate "2019.02.09"]
[EventType "swiss"]
[EventCountry "AUT"]
[SourceTitle "playchess.com"]
[Source "ChessBase"]
[SourceQuality "1"]
[TimeControl "40/5400+30:1800+30"]

1. e4 {[%emt 0:00:00]} e5 {[%emt 0:00:00]} 2. Nf3 {[%emt 0:00:00]} Nc6 {[%emt 0:00:00]} 3. Bb5 {[%emt 0:00:07]} a6 {[%emt 0:00:05]} 4. Bxc6 {[%emt 0:00:19]} dxc6 {[%emt 0:00:11]} 5. O-O {[%emt 0:00:04]} Bg4 {[%emt 0:00:49]} 6. h3 {[%emt 0:00:20]} Bxf3 {[%emt 0:00:32]} 7. Qxf3 {[%emt 0:00:15]} Qd7 {[%emt 0:00:02]} 8. d3 {[%emt 0:01:19]} f6 {[%emt 0:00:34]} 9. Nd2 {[%emt 0:04:45]} h5 {[%emt 0:02:31]} 10. Nc4 {[%emt 0:03:04]} O-O-O {[%emt 0:00:38]} 11. a4 {[%emt 0:08:52]} Kb8 {[%emt 0:00:19]} 12. Bd2 {[%emt 0:05:38]} g5 {[%emt 0:02:19]} 13. b4 {[%emt 0:02:41]} g4 {[%emt 0:02:28]} 14. Qg3 {[%emt 0:00:12]} gxh3 {[%emt 0:11:25]} 15. Qxh3 {[%emt 0:02:44]} Qe8 {[%emt 0:08:22]} 16. Rfb1 {[%emt 0:03:53]} Bh6 {[%emt 0:06:15]} 17. Be3 {[%emt 0:04:25]} Qd7 {[%emt 0:17:37]} 18. Qxd7 {[%emt 0:07:35]} Rxd7 {[%emt 0:00:02]} 19. b5 {[%emt 0:00:05]} cxb5 {[%emt 0:04:26]} 20. axb5 {[%emt 0:00:12]} Bxe3 {[%emt 0:04:12]} 21. Nxe3 {[%emt 0:01:35]} axb5 {[%emt 0:07:02]} 22. Rxb5 {[%emt 0:00:58]} c6 {[%emt 0:00:03]} 23. Rba5 {[%emt 0:00:44]} Kc7 {[%emt 0:01:00]} 24. Ra8 {[%emt 0:00:29]} Rdh7 {[%emt 0:03:29]} 25. Rf8 {[%emt 0:00:47]} Nh6 {[%emt 0:01:33]} 26. Rxf6 {[%emt 0:00:50]} Ng4 {[%emt 0:00:40]} 27. Rf3 {[%emt 0:04:18]} Nxe3 {[%emt 0:00:31]} 28. Rxe3 {[%emt 0:00:02]} Rg7 {[%emt 0:03:09]} 29. Rh3 {[%emt 0:01:56]} c5 {[%emt 0:01:43]} 30. Kf1 {[%emt 0:02:01]} Kc6 {[%emt 0:00:49]} 31. g3 {[%emt 0:00:26]} b6 {[%emt 0:11:28]} 32. Ke2 {[%emt 0:00:37]} Kb7 {[%emt 0:04:10]} 33. Rah1 {[%emt 0:01:51]} Rg5 {[%emt 0:00:50]} 34. Rh4 {[%emt 0:00:07]} Rh6 {[%emt 0:03:55]} 35. g4 {[%emt 0:01:07]} Re6 {[%emt 0:00:08]} 36. gxh5 {[%emt 0:00:30]} Rh6 {[%emt 0:00:02]} 37. R1h3 {[%emt 0:01:15]} Kc6 {[%emt 0:03:48]} 38. Rf3 {[%emt 0:01:11]} Kd6 {[%emt 0:00:55]} 39. Rf5 {[%emt 0:00:16]} Rg1 {[%emt 0:00:43]} 40. Rh3 {[%emt 0:00:27]} b5 {[%emt 0:00:32]} 41. Rg3 {[%emt 0:30:48]} Rc1 {[%emt 0:03:38]} 42. Kd2 {[%emt 0:00:00]} Rh1 {[%emt 0:00:46]} 43. Rg6+ {[%emt 0:00:00]} Rxg6 {[%emt 0:00:04]} 44. hxg6 {[%emt 0:00:00]} Rg1 {[%emt 0:00:17]} 45. Rf6+ {[%emt 0:00:00]} Kd7 {[%emt 0:00:52]} 46. Rb6 {[%emt 0:00:00]} b4 {[%emt 0:01:55]} 47. g7 {[%emt 0:00:00]} Kc7 {[%emt 0:00:19]} 48. Re6 {[%emt 0:00:00]} Rxg7 {[%emt 0:00:19]} 49. Rxe5 {[%emt 0:00:00]} Kc6 {[%emt 0:00:18]} 50. Rf5 {[%emt 0:00:00]} Rg2 {[%emt 0:02:37]} 51. Kc1 {[%emt 0:00:00]} Rg1+ {[%emt 0:02:28]} 52. Kb2 {[%emt 0:00:00]} Rd1 {[%emt 0:00:35]} 53. Kb3 {[%emt 0:00:00]} Kb5 {[%emt 0:00:28]} 54. f4 {[%emt 0:00:00]} Rb1+ {[%emt 0:02:22]} 55. Ka2 {[%emt 0:00:00]} Rd1 {[%emt 0:00:12]} 56. Rd5 {[%emt 0:00:00]} Kc6 {[%emt 0:02:52]} 57. Kb3 {[%emt 0:00:00]} Rd2 {[%emt 0:00:07]} 58. f5 {[%emt 0:00:00]} Rf2 {[%emt 0:00:29]} 59. f6 {[%emt 0:00:00]} Kb6 {[%emt 0:05:08]} 60. Rf5 {[%emt 0:00:00]} 1-0

[Event "20. Dolomitenbank Open-A 2019"]
[Site "Lienz"]
[Date "2019.02.09"]
[Round "1.3"]
[White "Lumachi, Gabriele"]
[Black "Kunin, Vitaly"]
[Result "0-1"]
[WhiteElo "2231"]
[BlackElo "2531"]
[Annotator "ChessBase"]
[PlyCount "92"]
[EventDate "2019.02.09"]
[EventType "swiss"]
[EventCountry "AUT"]
[SourceTitle "playchess.com"]
[Source "ChessBase"]
[SourceQuality "1"]
[TimeControl "40/5400+30:1800+30"]

1. Nf3 {[%emt 0:00:00]} Nf6 {[%emt 0:00:34]} 2. g3 {[%emt 0:00:16]} b5 {[%emt 0:01:16]} 3. Bg2 {[%emt 0:00:45]} Bb7 {[%emt 0:00:08]} 4. O-O {[%emt 0:02:48]} e6 {[%emt 0:00:09]} 5. d4 {[%emt 0:11:19]} c5 {[%emt 0:02:59]} 6. b3 {[%emt 0:02:50]} cxd4 {[%emt 0:00:54]} 7. Bb2 {[%emt 0:01:35]} Be7 {[%emt 0:01:06]} 8. Nxd4 {[%emt 0:03:10]} Bxg2 {[%emt 0:01:29]} 9. Kxg2 {[%emt 0:00:17]} a6 {[%emt 0:03:32]} 10. c4 {[%emt 0:25:23]} bxc4 {[%emt 0:01:24]} 11. bxc4 {[%emt 0:04:02]} Qc7 {[%emt 0:02:53]} 12. Qc2 {[%emt 0:02:24]} O-O {[%emt 0:01:05]} 13. Nd2 {[%emt 0:01:53]} d6 {[%emt 0:02:10]} 14. Rac1 {[%emt 0:03:23]} Nbd7 {[%emt 0:00:25]} 15. Rfd1 {[%emt 0:02:44]} Rab8 {[%emt 0:01:54]} 16. Ba1 {[%emt 0:00:20]} Rfc8 {[%emt 0:00:38]} 17. N4f3 {[%emt 0:05:26]} h6 {[%emt 0:04:22]} 18. Ne4 {[%emt 0:05:44]} Nxe4 {[%emt 0:07:52]} 19. Qxe4 {[%emt 0:00:08]} Rb4 {[%emt 0:00:33]} 20. Qd4 {[%emt 0:06:59]} Nf6 {[%emt 0:05:09]} 21. Nd2 {[%emt 0:04:27]} Ra4 {[%emt 0:06:27]} 22. Qb2 {[%emt 0:01:29]} Rb8 {[%emt 0:03:20]} 23. Qc2 {[%emt 0:00:44]} Qc6+ {[%emt 0:00:59]} 24. Kg1 {[%emt 0:00:45]} Rc8 {[%emt 0:05:22]} 25. Qb2 {[%emt 0:03:28]} Ne8 {[%emt 0:05:33]} 26. Qb3 {[%emt 0:01:27]} Bg5 {[%emt 0:05:12]} 27. e3 {[%emt 0:01:58]} Bf6 {[%emt 0:01:25]} 28. Bc3 {[%emt 0:01:03]} Bxc3 {[%emt 0:00:37]} 29. Rxc3 {[%emt 0:00:30]} Ra5 {[%emt 0:00:45]} 30. Rd3 {[%emt 0:01:46]} Rc5 {[%emt 0:03:06]} 31. Rb1 {[%emt 0:01:18]} Ra5 {[%emt 0:15:18]} 32. a3 {[%emt 0:00:45]} Nf6 {[%emt 0:04:36]} 33. Qb4 {[%emt 0:03:09]} Rc5 {[%emt 0:00:51]} 34. Qb6 {[%emt 0:02:05]} Nd7 {[%emt 0:01:42]} 35. Qxc6 {[%emt 0:00:14]} R5xc6 {[%emt 0:00:15]} 36. Ne4 {[%emt 0:00:48]} Ne5 {[%emt 0:00:31]} 37. Rxd6 {[%emt 0:00:24]} Rxc4 {[%emt 0:00:16]} 38. Nd2 {[%emt 0:00:41]} Rc2 {[%emt 0:00:43]} 39. Kg2 {[%emt 0:00:26]} Ra2 {[%emt 0:00:08]} 40. Ne4 {[%emt 0:00:35]} Rcc2 {[%emt 0:06:44]} 41. Rb8+ {[%emt 0:18:03]} Kh7 {[%emt 0:00:15]} 42. Rxa6 {[%emt 0:06:17]} Ng4 {[%emt 0:01:24]} 43. Rf8 {[%emt 0:06:17]} Nxf2 {[%emt 0:02:37]} 44. Nxf2 {[%emt 0:00:24]} Rxf2+ {[%emt 0:00:08]} 45. Kg1 {[%emt 0:00:03]} Rg2+ {[%emt 0:00:16]} 46. Kh1 {[%emt 0:00:58]} Rge2 {[%emt 0:00:32]} 0-1

[Event "20. Dolomitenbank Open-A 2019"]
[Site "Lienz"]
[Date "2019.02.09"]
[Round "1.4"]
[White "Maiorov, Nikita"]
[Black "Yakimenko, Alexander A."]
[Result "1-0"]
[WhiteElo "2523"]
[BlackElo "2196"]
[Annotator "TA"]
[PlyCount "137"]
[EventDate "2019.02.09"]
[EventType "swiss"]
[EventCountry "AUT"]
[SourceTitle "playchess.com"]
[Source "ChessBase"]
[SourceQuality "1"]

{[%evp 19,137,22,31,23,31,31,34,24,54,51,54,42,43,52,55,37,47,20,38,15,20,-6,99,42,35,25,36,42,29,14,40,34,89,58,43,0,19,23,22,0,0,-24,64,64,81,82,65,70,80,72,109,108,63,30,37,26,26,26,26,26,26,34,17,23,23,0,0,0,306,288,288,288,474,288,288,222,219,211,211,116,352,288,622,584,615,608,601,363,601,586,586,553,545,545,527,497,481,474,29969,29964,29971,29974,29974,29973,29973,29974,29977,29978,29977,29979,29978,29979,29979,29980,29982,29984,29983,29984,29985,29986]} 1. d4 e6 2. c4 Nf6 3. Nc3 Bb4 4. Qc2 O-O 5. a3 Bxc3+ 6. Qxc3 Qe8 7. Nf3 b6 8. g3 Bb7 9. Bg2 d6 10. O-O Nbd7 11. b4 {E32: Nimzo-Indian: Classical (4 Qc2): 4...0-0} Ne4 12. Qc2 f5 13. Ng5 {[%cal Rg5e4] White is slightly better.} Qg6 14. Nh3 e5 {[#]} 15. d5 $146 (15. f3 {looks sharper.} Nef6 16. Ng5 Nh5 17. d5 Rf6 18. Ne6) ({Predecessor:} 15. f3 Nef6 16. Ng5 Rae8 17. d5 c6 18. Bh3 e4 {1-0 (42) Kortschnoj,V (2610)-Lerner,K (2535) Lugano 1989}) 15... h6 16. f3 Nef6 17. Nf2 Qh5 18. Bb2 Rae8 19. a4 f4 20. a5 a6 (20... b5 $1 $11 {remains equal.}) 21. Ra3 (21. Bh3 $16) 21... bxa5 $14 22. Rxa5 fxg3 23. hxg3 e4 24. fxe4 Ne5 25. Bxe5 Rxe5 (25... Qxe5 $14 26. Ra3 Bc8) 26. Ra3 {Strongly threatening Nd3.} Bc8 27. c5 Qg6 28. cxd6 cxd6 29. Qc7 Nh5 $1 {[%cal Rh5g3]} 30. Rf3 Ree8 (30... Rfe8 $11 31. Qc3 Rg5) 31. Rxf8+ $1 Rxf8 32. Nh1 {[#] Hoping for Rxf8+.} Rxf1+ 33. Kxf1 Bg4 34. Qe7 Qf7+ 35. Qxf7+ Kxf7 $16 {[%mdl 4096] Endgame KBN-KBN} 36. Bf3 Nf6 $1 37. Nf2 Bd7 38. Nd3 Bb5 $1 39. Kf2 Nd7 $1 40. Bg4 Kf6 41. Ke3 Ne5 42. Bc8 (42. Nf2 {feels hotter.} g6 43. Bf3 h5 44. Kd4 Nc4 45. Nd1) 42... h5 43. Kd4 {And now Nxe5 would win.} Nxd3 $2 {[%mdl 8192]} (43... Nc4 $11 {and Black is okay.}) 44. exd3 $11 {KB-KB} g5 45. Ke3 Ke5 $2 (45... Ke7 46. d4 Bc4) 46. Bb7 Kf6 47. Bc6 Ke5 48. d4+ Kf6 {[#]} 49. Kf3 $1 Bd3 $2 (49... Ke7 $16 {might work better.} 50. Bxb5 axb5) 50. Be8 $18 h4 $2 (50... Bc2 51. Ke3 Bd1) 51. gxh4 gxh4 {intending ...h3.} 52. Bd7 Bf1 53. Kf4 Bg2 $2 (53... h3 54. e5+ Ke7) 54. Bg4 Bf1 55. Bf3 h3 56. e5+ Ke7 57. Kg3 Kd8 58. Bg4 Bg2 (58... h2 $18 59. Kxh2 Ke7) 59. Bxh3 {White mates.} Bxd5 60. exd6 Bc6 61. Kf4 Bb5 62. Ke5 Bc4 63. Be6 Bf1 64. Kd5 Bg2+ 65. Kc5 Bf3 66. Bc4 Kd7 67. Bxa6 Bg2 68. Bb5+ Kd8 69. Bc6 {Accuracy: White = 63%, Black = 42%.} 1-0

[Event "20. Dolomitenbank Open-A 2019"]
[Site "Lienz"]
[Date "2019.02.09"]
[Round "1.5"]
[White "Kunz, Konstantin"]
[Black "Prusikin, Michael"]
[Result "0-1"]
[WhiteElo "2176"]
[BlackElo "2517"]
[Annotator "TA"]
[PlyCount "94"]
[EventDate "2019.02.09"]
[EventType "swiss"]
[EventCountry "AUT"]
[SourceTitle "playchess.com"]
[Source "ChessBase"]
[SourceQuality "1"]

{[%evp 18,94,2,0,0,7,0,0,0,-9,-6,-19,-21,-21,-10,-17,0,-27,-7,-26,-7,-26,-23,-39,-44,-42,-28,-54,-16,-45,-27,-46,-22,-32,-26,-37,-36,-51,-4,-20,-17,-15,-19,-56,-50,-48,-49,-55,-50,-67,-67,-68,-56,-70,-65,-123,-122,-231,-244,-286,-277,-313,-298,-786,-810,-1300,-1300,-914,-647,-889,-944,-887,-835,-1328,-1273,-29978,-29979,-29979,-29980]} 1. d4 Nf6 2. Nf3 g6 3. Bf4 Bg7 4. e3 O-O 5. Be2 c5 6. c3 b6 7. O-O Bb7 8. h3 d5 9. Nbd2 Nc6 10. Ne5 Nd7 {[%cal Rd7e5] A48: 1 d4 Nf6 2 Nf3 g6: Torre, London and Colle Systems} 11. Nxc6 Bxc6 12. Nf3 (12. a4 Re8 13. Re1 Qc8 14. Nf3 Qb7 15. b4 cxb4 16. cxb4 b5 17. a5 a6 18. Rc1 {0-1 (46) Zhou,J (2615)-Yu,Y (2759) Tianjin 2018}) 12... b5 {[%cal Bb6b5,Bb5b4][%mdl 32] The position is equal.} 13. Bg3 $146 ({Predecessor:} 13. Ne5 Nxe5 14. Bxe5 Bxe5 15. dxe5 Qb6 16. b4 Rfc8 17. Qd2 e6 18. bxc5 Qxc5 {0-1 (69) Kaliksteyn,A (2425)-Swiercz,D (2639) Saint Louis 2017}) 13... Qb6 14. Qb1 a5 15. Rd1 Rfd8 16. Qc2 Rac8 17. Rab1 b4 18. Qd2 Bb5 19. Qe1 e6 20. Qf1 Bxe2 21. Qxe2 a4 22. a3 b3 23. Rf1 Qc6 24. Rbd1 Nb6 25. Nd2 Rd7 26. Rfe1 Re8 27. Qf1 cxd4 28. exd4 f6 29. f4 Nc8 30. Re2 Nd6 31. Rde1 Rde7 32. Bh4 Qd7 33. g4 Rf7 34. Qg2 f5 35. Kh2 Ne4 36. Nxe4 ({Better is} 36. gxf5 $15 exf5 37. Nf3) 36... fxe4 $17 37. Bg3 {[#]} (37. Rf2 $17) 37... Bf8 $1 $19 38. c4 Bd6 39. cxd5 exd5 40. f5 $2 (40. Rf1) 40... gxf5 41. gxf5 Rg7 42. Re3 Qxf5 43. Bxd6 {[#] Hoping for Rg3.} Rxg2+ 44. Kxg2 Re6 45. Bg3 Rc6 46. Be5 Rc2+ 47. Kh1 Rxb2 {Accuracy: White = 15%, Black = 75%.} 0-1

[Event "20. Dolomitenbank Open-A 2019"]
[Site "Lienz"]
[Date "2019.02.09"]
[Round "1.6"]
[White "Sanal, Vahap"]
[Black "Schnabel, Ralf"]
[Result "1-0"]
[WhiteElo "2497"]
[BlackElo "2175"]
[Annotator "ChessBase"]
[PlyCount "73"]
[EventDate "2019.02.09"]
[EventType "swiss"]
[EventCountry "AUT"]
[SourceTitle "playchess.com"]
[Source "ChessBase"]
[SourceQuality "1"]
[TimeControl "40/5400+30:1800+30"]

1. e4 {[%emt 0:00:00]} Nf6 {[%emt 0:00:00]} 2. e5 {[%emt 0:00:00]} Nd5 {[%emt 0:00:00]} 3. c4 {[%emt 0:00:13]} Nb6 {[%emt 0:00:00]} 4. d4 {[%emt 0:00:10]} d6 {[%emt 0:00:00]} 5. exd6 {[%emt 0:00:06]} cxd6 {[%emt 0:00:00]} 6. Nc3 {[%emt 0:00:11]} g6 {[%emt 0:00:09]} 7. Be3 {[%emt 0:00:13]} Bg7 {[%emt 0:00:05]} 8. Rc1 {[%emt 0:00:09]} O-O {[%emt 0:00:06]} 9. b3 {[%emt 0:00:09]} e5 {[%emt 0:00:06]} 10. dxe5 {[%emt 0:04:52]} dxe5 {[%emt 0:00:18]} 11. Qxd8 {[%emt 0:01:01]} Rxd8 {[%emt 0:00:05]} 12. Nb5 {[%emt 0:01:33]} Rd7 {[%emt 0:06:51]} 13. a4 {[%emt 0:13:46]} Bf8 {[%emt 0:11:03]} 14. Be2 {[%emt 0:07:27]} Bb4+ {[%emt 0:02:06]} 15. Kf1 {[%emt 0:00:09]} Ba5 {[%emt 0:11:38]} 16. f4 {[%emt 0:10:43]} e4 {[%emt 0:15:45]} 17. Nh3 {[%emt 0:07:06]} Nc6 {[%emt 0:07:08]} 18. Ng5 {[%emt 0:05:17]} f5 {[%emt 0:14:24]} 19. Kf2 {[%emt 0:05:19]} a6 {[%emt 0:03:55]} 20. Nc3 {[%emt 0:02:29]} h6 {[%emt 0:04:29]} 21. Ne6 {[%emt 0:02:14]} Re7 {[%emt 0:00:45]} 22. Nd4 {[%emt 0:02:00]} Nb4 {[%emt 0:06:18]} 23. Rhd1 {[%emt 0:03:24]} Nd7 {[%emt 0:04:06]} 24. Nd5 {[%emt 0:00:59]} Nxd5 {[%emt 0:01:23]} 25. cxd5 {[%emt 0:00:07]} Nf6 {[%emt 0:02:40]} 26. h3 {[%emt 0:02:02]} Bd7 {[%emt 0:02:36]} 27. Ne6 {[%emt 0:03:19]} Rc8 {[%emt 0:01:12]} 28. Rxc8+ {[%emt 0:02:15]} Bxc8 {[%emt 0:00:02]} 29. Bc5 {[%emt 0:04:35]} Re8 {[%emt 0:02:01]} 30. Bc4 {[%emt 0:00:38]} Nd7 {[%emt 0:02:34]} 31. d6 {[%emt 0:00:31]} Kh7 {[%emt 0:00:21]} 32. Bd4 {[%emt 0:03:06]} Nb6 {[%emt 0:01:51]} 33. Nc7 {[%emt 0:02:03]} Rd8 {[%emt 0:00:44]} 34. Bf6 {[%emt 0:02:34]} Rxd6 {[%emt 0:01:12]} 35. Rxd6 {[%emt 0:00:22]} Nxc4 {[%emt 0:00:01]} 36. Rd8 {[%emt 0:00:15]} Bxc7 {[%emt 0:00:20]} 37. Rh8# {[%emt 0:00:07]} 1-0

[Event "20. Dolomitenbank Open-A 2019"]
[Site "Lienz"]
[Date "2019.02.09"]
[Round "1.7"]
[White "Srienz, Christian"]
[Black "Studer, Noel"]
[Result "1/2-1/2"]
[WhiteElo "2165"]
[BlackElo "2494"]
[Annotator "TA"]
[PlyCount "158"]
[EventDate "2019.02.09"]
[EventType "swiss"]
[EventCountry "AUT"]
[SourceTitle "playchess.com"]
[Source "ChessBase"]
[SourceQuality "1"]

{[%evp 9,158,18,22,-10,25,18,18,20,17,15,26,26,13,13,19,20,25,21,26,-39,16,-14,0,-10,0,0,71,68,85,65,68,61,75,59,59,62,63,59,70,70,70,7,52,34,80,87,79,72,80,88,84,83,87,52,75,75,107,109,109,109,109,109,110,110,109,39,39,39,39,39,41,41,41,41,41,50,75,39,39,39,39,39,39,39,39,39,39,39,39,39,40,42,433,411,618,597,1607,1551,1438,1558,1644,1593,1563,1399,1356,1318,1213,1065,1373,167,167,167,167,102,102,102,102,102,102,102,102,102,102,102,102,102,102,102,102,102,102,102,102,102,102,102,102,102,102,17,102,102,102,0,102,0,102,17,102,0,102]} 1. c4 f5 2. Nc3 Nf6 3. d4 e6 4. Nf3 Bb4 5. Qb3 a5 6. a3 {A85: Dutch Defence: 2 c4 Nf6 3 Nc3} (6. g3 b6 7. a3 a4 8. Qc2 Bxc3+ 9. Qxc3 O-O 10. Bg5 Bb7 11. Bg2 h6 12. Bxf6 Qxf6 13. O-O Be4 14. Rfd1 {0-1 (59) Jojua,D (2588)-Priyadharshan,K (2553) chess.com INT 2019}) 6... Bxc3+ (6... a4 $5 {[%cal Ra4b3]} 7. Qc2 (7. axb4 axb3 8. Rxa8 Nc6 $17) (7. Qxb4 Nc6 $17) 7... Bxc3+ 8. Qxc3 (8. bxc3 b6 $11) 8... b6 $11) 7. Qxc3 d6 8. b3 O-O 9. Bb2 Qe7 $146 ({Predecessor:} 9... Nbd7 10. g3 b5 11. Bg2 Nb6 12. c5 Nbd5 13. Qc2 Ba6 {½-½ (50) Jackson,L (1996)-Nijman,B (2153) Wellington 2013}) 10. e3 Nbd7 11. Bd3 b6 12. Nd2 Bb7 13. f3 Nh5 14. O-O-O (14. O-O $11) 14... c5 (14... Qg5 $15) 15. Rhg1 Rac8 16. Kb1 Nhf6 17. d5 exd5 (17... Ne5 $11) 18. Bxf5 $16 Rce8 19. cxd5 Nxd5 20. Be6+ $1 Kh8 21. Bxd5 $1 Bxd5 22. e4 Bg8 23. Nc4 Bxc4 24. Qxc4 Ne5 25. Bxe5 (25. Qb5 $14) 25... Qxe5 26. Qd5 a4 27. Qxe5 dxe5 28. bxa4 {[%mdl 4096] Endgame KRR-KRR} Ra8 29. Rd6 Rxa4 30. Kb2 b5 31. Rb6 Ra5 32. Rd1 h6 33. Rd5 Rfa8 34. Rxc5 Rxa3 {[#]} 35. Rb8+ $1 {[%mdl 576] Deflection} Rxb8 36. Kxa3 {KR-KR} Rd8 37. Rxb5 (37. Rd5 $1 $16 {[%cal Rd5d8]} Re8 38. Kb4 (38. Rxb5 Re6 $16)) 37... Rd2 $14 38. Rb2 Rd1 39. Kb3 Kh7 40. Kc2 Rh1 41. h3 Kg6 42. Kd2 h5 43. Ke3 h4 44. Rb6+ Kf7 $1 45. Rb8 Ra1 46. Rb2 Kf6 47. Kf2 Rh1 48. Rb6+ Kf7 $1 49. Rb5 Kf6 50. f4 Ra1 $2 {[%mdl 8192]} (50... exf4 $14 51. Rf5+ Kg6) 51. Rxe5 $18 Ra2+ (51... g6 $142 52. Kf3 Rf1+ 53. Kg4 Rg1) 52. Kf3 Ra3+ 53. Kg4 Rg3+ 54. Kxh4 Rxg2 55. Rf5+ Ke6 56. Rg5 Re2 57. e5 Kf7 58. Rg3 Rf2 59. Rg4 $2 (59. Kg5 Re2 60. Kf5) 59... Rf3 60. Kg5 $1 Rxh3 61. Kf5 ({White should play} 61. f5 $1 $18) 61... Rh5+ $16 62. Ke4 g6 63. Kd5 Rh1 64. Rg3 Rd1+ 65. Ke4 Re1+ 66. Re3 Rf1 67. Rd3 Re1+ 68. Kd5 Rf1 {[#]} 69. Rd4 $1 Ke7 70. Ra4 {Black must now prevent Ra7+.} Rd1+ {[#]} 71. Ke4 $1 Re1+ 72. Kf3 Kf7 73. Ra7+ Kf8 74. Ra3 (74. Kg4 $16 Rg1+ 75. Kf3) 74... Kf7 (74... g5 $1 $11) 75. Kg4 Rg1+ 76. Kf3 Re1 $1 77. Ra7+ Kf8 $1 78. Ra6 (78. Kg4 $16 Rg1+ 79. Kf3) 78... Kg7 (78... g5 $1 $11 {remains equal.}) 79. Ra3 Kf7 {Accuracy: White = 55%, Black = 57%.} 1/2-1/2